| 000 | 00559nam a2200193 a 4500 | ||
|---|---|---|---|
| 001 | 25348 | ||
| 003 | CO-ViMGA | ||
| 008 | 141112s2004 ck r 000 u spa d | ||
| 020 | _a9587110625 | ||
| 040 |
_aCO-ViMGA _bspa _cCO-ViMGA |
||
| 082 | 0 | 4 | _a347.052 CH181p |
| 100 | 1 |
_aChavarro Colpas, Roberto Mario _938647 |
|
| 245 | 1 | 0 |
_aLa Prescripción Estintiva : _bUn enfoque Integral de la Figura |
| 250 | _a2da ed. | ||
| 260 |
_aColombia : _bLeyer |
||
| 300 | _a280 p. 22 cm | ||
| 650 | 1 | 4 |
_aPrescripción - Renuncia - Caducidad Derecho _938648 |
| 942 |
_2ddc _cBK |
||
| 999 |
_c32955 _d32955 |
||